Online katalóg knižníc regiónu Turca

Rozprávky a verše Janka Jesenského (Record no. 21394)

MARC details
000 -LEADER
fixed length control field 01646cam a2200469 a 4500
001 - CONTROL NUMBER
control field 21394
003 - CONTROL NUMBER IDENTIFIER
control field VRT
005 - DATE AND TIME OF LATEST TRANSACTION
control field 20260228133427.0
008 - FIXED-LENGTH DATA ELEMENTS--GENERAL INFORMATION
fixed length control field 240318s1953 xo a g 0000m slo
015 ## - NATIONAL BIBLIOGRAPHY NUMBER
National bibliography number SNBA19451955-004741
035 ## - SYSTEM CONTROL NUMBER
System control number SNK000431939
039 #9 - LEVEL OF BIBLIOGRAPHIC CONTROL AND CODING DETAIL [OBSOLETE]
Level of rules in bibliographic description 202403181425
Level of effort used to assign nonsubject heading access points VLOAD
Level of effort used to assign subject headings 202011101951
Level of effort used to assign classification msvkbb04
Level of effort used to assign subject headings 202009241404
Level of effort used to assign classification AUTHORITY
Level of effort used to assign subject headings 201907041103
Level of effort used to assign classification AUTHORITY
040 ## - CATALOGING SOURCE
Original cataloging agency SNK
Language of cataloging slo
Transcribing agency SNK
Description conventions AACR2
041 0# - LANGUAGE CODE
Language code of text/sound track or separate title slo
044 ## - COUNTRY OF PUBLISHING/PRODUCING ENTITY CODE
MARC country code xo
ISO country code SK
072 #7 - SUBJECT CATEGORY CODE
Subject category code 821.162.4-1
Source 2011
072 #7 - SUBJECT CATEGORY CODE
Subject category code 821.162.4-31
Source 2011
100 1# - MAIN ENTRY--PERSONAL NAME
Personal name Jesenský, Janko,
Dates associated with a name 1874-1945
Relationship aut
245 10 - TITLE STATEMENT
Title Rozprávky a verše Janka Jesenského
Statement of responsibility, etc. [sostavil Štefan Weiskopf ; ilustroval Štefan Bednár]
250 ## - EDITION STATEMENT
Edition statement Vyd. 1.
260 ## - PUBLICATION, DISTRIBUTION, ETC.
Place of publication, distribution, etc. Bratislava
Name of publisher, distributor, etc. Práca
Date of publication, distribution, etc. 1953
300 ## - PHYSICAL DESCRIPTION
Extent 76 s.
Dimensions 21 cm
366 ## - TRADE AVAILABILITY INFORMATION
Note 20400 výt.
490 1# - SERIES STATEMENT
Series statement Knižnica Roháča
Volume/sequential designation sv. 1
500 ## - GENERAL NOTE
General note Brožovaná
655 #7 - INDEX TERM--GENRE/FORM
Genre/form data or focus term Slovak poetry
Source of term SNKPHeng
655 #7 - INDEX TERM--GENRE/FORM
Genre/form data or focus term slovenská poézia
Source of term SNKPH
655 #7 - INDEX TERM--GENRE/FORM
Genre/form data or focus term slovenské romány
Source of term SNKPH
655 #7 - INDEX TERM--GENRE/FORM
Genre/form data or focus term Slovak fiction
Source of term SNKPHeng
700 1# - ADDED ENTRY--PERSONAL NAME
Personal name Weiskopf, Štefan,
Dates associated with a name 1921-
Relationship com
700 1# - ADDED ENTRY--PERSONAL NAME
Personal name Bednár, Štefan,
Dates associated with a name 1909-1976
Relationship ill
830 #0 - SERIES ADDED ENTRY--UNIFORM TITLE
Uniform title Knižnica Roháča
942 ## - ADDED ENTRY ELEMENTS (KOHA)
Source of classification or shelving scheme Dewey Decimal Classification
Koha item type Krásna literatúra pre deti
Suppress in OPAC No
949 ## - LOCAL PROCESSING INFORMATION (OCLC)
6 273K0205005
a svkpoA 53258
b svkpo122951
949 ## - LOCAL PROCESSING INFORMATION (OCLC)
6 273K0205006
a svkpoA 53258a
b svkpo122952
949 ## - LOCAL PROCESSING INFORMATION (OCLC)
6 270001000633380
a svkbbS 40402
b svkbbm 33916
949 ## - LOCAL PROCESSING INFORMATION (OCLC)
6 270001000633381
a svkbbS 40403
b svkbbm 34790
949 ## - LOCAL PROCESSING INFORMATION (OCLC)
6 270001000527312
a svkbbS 17989
b svkbbm 17025
949 ## - LOCAL PROCESSING INFORMATION (OCLC)
6 270001000527313
a svkbbS 17990
b svkbbm 89929
Holdings
Stav vyradenia Strata Poškodenie Spôsob nadobudnutia Domovská knižnica Aktuálna knižnica Dátum nadobudnutia Total checkouts Čiarový kód exemplára Date last seen Typ exemplára
      Dar Obecná knižnica Horná Štubňa Obecná knižnica Horná Štubňa 28.02.2026   4736201579 28.02.2026 Krásna literatúra pre deti
Projekt je podporený Slovenskou asociáciou knižníc
Prevádzkuje Turčianska knižnica Martin 2026